Normal view
MARC view
Entry Personal Name
001 - CONTROL NUMBER
- control field: 9977
003 - CONTROL NUMBER IDENTIFIER
- control field: BD-RjUL
005 - DATE AND TIME OF LATEST TRANSACTION
- control field: 20231108170905.0
008 - FIXED-LENGTH DATA ELEMENTS
- fixed length control field: 231108|| aca||aabn | a|a d
040 ## - CATALOGING SOURCE
- Original cataloging agency: BD-RjUL
- Transcribing agency: BD-RjUL
100 ## - HEADING--PERSONAL NAME
- Personal name: Matin, Iqbal, Co-Supervisor
670 ## - SOURCE DATA FOUND
- Source citation: Work cat.: (BD-RjUL)82266: Hasan, Md. Rashidul 9976, Evaluation of groundwater potentiality and exploitation in Barind area and its impact on environment /, 2014